[Event "American Continental 17th"]
[Site "Juan Dolio"]
[Date "2023.05.15"]
[Round "1"]
[White "Jean Louis, Marckens"]
[Black "Cardoso Cardoso, Jose Gabriel"]
[Result "0-1"]
[WhiteElo "2073"]
[BlackElo "2492"]
[PlyCount "74"]
[EventDate "2023.05.15"]
[EventType "swiss"]
[EventRounds "11"]
[EventCountry "DOM"]
[SourceTitle "CBM 214 Extra"]
[Source "ChessBase"]
[SourceDate "2023.07.31"]
[SourceVersion "1"]
[SourceVersionDate "2023.07.31"]
[SourceQuality "1"]

1. e4 c5 2. Nc3 a6 3. f4 b5 4. Be2 Nc6 5. Nf3 e6 6. 0-0 Bb7 7. d3 b4 8. Na4 d6 9. Be3 Nf6 10. h3 h5 11. Qe1 Be7 12. Qg3 h4 13. Qf2 Nh5 14. Nh2 Ng3 15. Bf3 Nxf1 16. Rxf1 Rb8 17. b3 Qc7 18. e5 Nd4 19. Bxb7 Rxb7 20. Bxd4 cxd4 21. Ng4 dxe5 22. fxe5 Bg5 23. Qxd4 Rb5 24. Rf2 0-0 25. Qe4 Qd7 26. Re2 Rd8 27. Nb2 Qa7+ 28. Nf2 Rd4 29. Qc6 Rf4 30. Nbd1 Qd4 31. Qd6 Rd5 32. Qxa6 Rxe5 33. Kf1 Ref5 34. Qc4 Qa1 35. Qc8+ Kh7 36. Re1 Rxf2+ 37. Nxf2 Be3 0-1

[Event "Titled Tuesday intern op 08th Nov Early"]
[Site "Chess.com INT"]
[Date "2022.11.08"]
[Round "1"]
[White "Jean Louis, Marckens"]
[Black "Galperin, Platon"]
[Result "0-1"]
[WhiteElo "2073"]
[BlackElo "2511"]
[PlyCount "60"]
[EventDate "2022.11.08"]
[EventType "swiss (blitz)"]
[EventRounds "11"]
[EventCountry "USA"]
[SourceTitle "EXT 2024"]
[Source "ChessBase"]
[SourceDate "2023.10.10"]
[SourceVersion "1"]
[SourceVersionDate "2023.10.10"]
[SourceQuality "1"]

1. d4 Nf6 2. Nf3 c5 3. g3 cxd4 4. Nxd4 d5 5. Bg2 e5 6. Nb3 Be6 7. 0-0 Be7 8. c4 Nc6 9. cxd5 Nxd5 10. a3 0-0 11. N1d2 Rc8 12. h4 Nf6 13. Rb1 Qb6 14. Na1 Ba2 15. Nc2 Bxb1 16. Nxb1 Rfd8 17. Qe1 Qb3 18. Ne3 Nd4 19. Nc3 b5 20. Ne4 Nxe4 21. Bxe4 Rxc1 22. Qa5 Nxe2+ 23. Kg2 Rxf1 24. Kxf1 Nd4 25. Qxa7 Qe6 26. Kg2 g6 27. Nd5 Rxd5 28. Bxd5 Qxd5+ 29. Kh3 Qh1+ 30. Kg4 h5# 0-1

[Event "Titled Tuesday intern op 08th Nov Early"]
[Site "Chess.com INT"]
[Date "2022.11.08"]
[Round "3"]
[White "Jean Louis, Marckens"]
[Black "Goryachkina, Aleksandra"]
[Result "1-0"]
[WhiteElo "2073"]
[BlackElo "2584"]
[PlyCount "87"]
[EventDate "2022.11.08"]
[EventType "swiss (blitz)"]
[EventRounds "11"]
[EventCountry "USA"]
[SourceTitle "EXT 2024"]
[Source "ChessBase"]
[SourceDate "2023.10.10"]
[SourceVersion "1"]
[SourceVersionDate "2023.10.10"]
[SourceQuality "1"]

1. d4 Nf6 2. Nf3 e6 3. g3 c5 4. Bg2 Nc6 5. 0-0 cxd4 6. Nxd4 Bc5 7. Nb3 Be7 8. c4 0-0 9. Nc3 b6 10. Bf4 Bb7 11. Bd6 Rc8 12. Rc1 Ne8 13. Ne4 f5 14. Bxe7 Nxe7 15. Nd6 Nxd6 16. Qxd6 Bxg2 17. Kxg2 Rc6 18. Qd4 Qa8 19. Kg1 Rd8 20. Rfd1 Ng6 21. c5 f4 22. cxb6 Rxc1 23. Nxc1 axb6 24. a3 Qb7 25. Nd3 fxg3 26. hxg3 Rf8 27. Ne5 Nxe5 28. Qxe5 Qc6 29. Qd6 Qc2 30. Qd2 Qf5 31. Qe3 Qb5 32. b4 Rc8 33. Rd6 Rc2 34. Rxb6 Qxe2 35. Qxe2 Rxe2 36. a4 d5 37. a5 d4 38. a6 Ra2 39. Rd6 d3 40. b5 d2 41. Kg2 Kf7 42. Rxd2 Rxd2 43. a7 Ra2 44. b6 1-0

[Event "Titled Tuesday intern op 08th Nov Late"]
[Site "Chess.com INT"]
[Date "2022.11.08"]
[Round "1"]
[White "Jean Louis, Marckens"]
[Black "Makarian, Rudik"]
[Result "0-1"]
[WhiteElo "2073"]
[BlackElo "2505"]
[PlyCount "200"]
[EventDate "2022.11.08"]
[EventType "swiss (blitz)"]
[EventRounds "11"]
[EventCountry "USA"]
[SourceTitle "EXT 2024"]
[Source "ChessBase"]
[SourceDate "2023.10.10"]
[SourceVersion "1"]
[SourceVersionDate "2023.10.10"]
[SourceQuality "1"]

1. d4 Nf6 2. Nf3 c5 3. g3 g6 4. Bg2 Bg7 5. 0-0 0-0 6. b3 cxd4 7. Bb2 d5 8. Nxd4 Nc6 9. Nxc6 bxc6 10. c4 h5 11. Nc3 e6 12. Rc1 h4 13. e3 Rb8 14. cxd5 cxd5 15. Na4 hxg3 16. hxg3 Ba6 17. Re1 Qe7 18. Nc5 Bb5 19. Be5 Rbc8 20. b4 Bc4 21. a3 Nh5 22. Bxg7 Nxg7 23. e4 Qd8 24. exd5 Bxd5 25. Bxd5 exd5 26. Qa4 Rc7 27. Nd3 Nf5 28. Rxc7 Qxc7 29. Rc1 Qb8 30. Nf4 Qe5 31. Qxa7 d4 32. Qc5 Qe4 33. Qd5 Qe7 34. Qf3 Rd8 35. Nd3 Qg5 36. Rc7 Re8 37. g4 Nh6 38. Qf4 Qh4 39. Qg3 Qg5 40. Qf4 Qh4 41. Qg3 Qxg3+ 42. fxg3 Re3 43. Nc5 Rxg3+ 44. Kf2 Rxa3 45. b5 Nxg4+ 46. Ke2 Ra2+ 47. Kd3 Rb2 48. Kxd4 Rxb5 49. Kc4 Rb1 50. Kd4 Rd1+ 51. Ke4 Rf1 52. Rc8+ Kg7 53. Nd3 Nf6+ 54. Ke3 Rf5 55. Ke2 Rd5 56. Ra8 Rd7 57. Ke3 Re7+ 58. Kf2 g5 59. Ra5 Nh7 60. Ne5 f6 61. Ng4 Nf8 62. Ne3 Rd7 63. Ra6 Nh7 64. Ng4 Re7 65. Kf3 Kg6 66. Ne3 Re5 67. Nc4 Rf5+ 68. Kg4 Rf4+ 69. Kg3 Nf8 70. Ra7 Ne6 71. Ra8 Rxc4 72. Ra6 Ng7 73. Ra7 Nh5+ 74. Kf3 Rf4+ 75. Ke2 Rf5 76. Kd3 g4 77. Ra8 g3 78. Ke4 g2 79. Kd3 g1Q 80. Ra1 Qc5 81. Ke4 Re5+ 82. Kd3 Qe3+ 83. Kc2 Rc5+ 84. Kb2 Qc3+ 85. Ka2 Ra5+ 86. Kb1 Rb5+ 87. Ka2 Qc2+ 88. Ka3 Qd3+ 89. Ka4 Rb2 90. Rg1+ Kf7 91. Rc1 Nf4 92. Rc7+ Kg6 93. Rb7 Ra2+ 94. Kb4 Qa3+ 95. Kb5 Rb2+ 96. Kc6 Qc3+ 97. Kd6 Qe5+ 98. Kc6 Qd5+ 99. Kc7 Rxb7+ 100. Kc8 Qd7# 0-1

[Event "Titled Tuesday intern op 01st Nov Early"]
[Site "Chess.com INT"]
[Date "2022.11.01"]
[Round "1"]
[White "Jean Louis, Marckens"]
[Black "Matinian, Nikita"]
[Result "0-1"]
[WhiteElo "2073"]
[BlackElo "2425"]
[PlyCount "94"]
[EventDate "2022.11.01"]
[EventType "swiss (blitz)"]
[EventRounds "11"]
[EventCountry "USA"]
[SourceTitle "EXT 2024"]
[Source "ChessBase"]
[SourceDate "2023.10.10"]
[SourceVersion "1"]
[SourceVersionDate "2023.10.10"]
[SourceQuality "1"]

1. d4 Nf6 2. Nf3 g6 3. g3 Bg7 4. Bg2 d6 5. 0-0 0-0 6. b3 a5 7. a4 Nc6 8. Bb2 Bf5 9. Re1 Qc8 10. Nbd2 Bh3 11. Bh1 e5 12. dxe5 Ng4 13. Ng5 Ngxe5 14. Nxh3 Qxh3 15. Bg2 Qh5 16. Rb1 f5 17. e3 Qxd1 18. Rexd1 Nb4 19. Rdc1 c6 20. Bxe5 dxe5 21. Nc4 e4 22. Nb6 Rad8 23. Nc4 Na2 24. Rd1 Nc3 25. Rxd8 Rxd8 26. Re1 Nd1 27. f3 Bc3 28. Re2 b5 29. axb5 cxb5 30. Na3 Nxe3 31. Nxb5 Bb4 32. fxe4 Bc5 33. exf5 Rd1+ 34. Kf2 gxf5 35. Kf3 Ng4 36. Bh3 Nf6 37. Re5 Bg1 38. Rxf5 Kg7 39. Nc3 Rd2 40. Rxf6 Rf2+ 41. Kg4 Rxf6 42. Ne4 Rc6 43. c4 Rb6 44. Nd2 Be3 45. Ne4 Rxb3 46. Nd6 a4 47. Kf3 Bc5+ 0-1

[Event "Titled Tuesday intern op 01st Nov Early"]
[Site "Chess.com INT"]
[Date "2022.11.01"]
[Round "10"]
[White "Mirzoev, Azer"]
[Black "Jean Louis, Marckens"]
[Result "1/2-1/2"]
[WhiteElo "2462"]
[BlackElo "2073"]
[PlyCount "91"]
[EventDate "2022.11.01"]
[EventType "swiss (blitz)"]
[EventRounds "11"]
[EventCountry "USA"]
[SourceTitle "EXT 2024"]
[Source "ChessBase"]
[SourceDate "2023.10.10"]
[SourceVersion "1"]
[SourceVersionDate "2023.10.10"]
[SourceQuality "1"]

1. d4 e6 2. Nf3 d5 3. Bf4 Nf6 4. e3 Bd6 5. Bg3 0-0 6. c4 Ne4 7. Nc3 c6 8. Qc2 f5 9. Bd3 Na6 10. a3 Nc7 11. Bxd6 Qxd6 12. 0-0 Ne8 13. Ne5 N8f6 14. f4 Nd7 15. Nxe4 fxe4 16. Be2 Nxe5 17. fxe5 Qe7 18. Rxf8+ Kxf8 19. b4 Bd7 20. cxd5 exd5 21. Rf1+ Kg8 22. Qc1 Be6 23. Qe1 a5 24. h4 axb4 25. axb4 Ra3 26. Qg3 Qxb4 27. Qg5 Ra8 28. h5 Rf8 29. h6 Rxf1+ 30. Bxf1 Qf8 31. hxg7 Qxg7 32. Qd8+ Qf8 33. Qc7 Qf7 34. Qb8+ Kg7 35. Qd8 Qg6 36. Qc7+ Qf7 37. Qd6 Qd7 38. Qb8 Qc8 39. Qa7 Qd7 40. Qb8 Qf7 41. Qd8 Qg6 42. Qe7+ Qf7 43. Qg5+ Qg6 44. Qe7+ Qf7 45. Qg5+ Qg6 46. Qe7+ 1/2-1/2

[Event "Titled Tuesday intern op 01st Nov Early"]
[Site "Chess.com INT"]
[Date "2022.11.01"]
[Round "7"]
[White "Rohit, Krishna S"]
[Black "Jean Louis, Marckens"]
[Result "0-1"]
[WhiteElo "2380"]
[BlackElo "2073"]
[PlyCount "134"]
[EventDate "2022.11.01"]
[EventType "swiss (blitz)"]
[EventRounds "11"]
[EventCountry "USA"]
[SourceTitle "EXT 2024"]
[Source "ChessBase"]
[SourceDate "2023.10.10"]
[SourceVersion "1"]
[SourceVersionDate "2023.10.10"]
[SourceQuality "1"]

1. d4 d5 2. c4 e6 3. Nc3 Nf6 4. Nf3 Be7 5. Bf4 0-0 6. e3 c6 7. Bd3 Re8 8. 0-0 Nbd7 9. h3 Nf8 10. Qe2 Ng6 11. Bh2 Bd6 12. Ne5 a6 13. a4 c5 14. cxd5 exd5 15. a5 Nxe5 16. dxe5 Bxe5 17. Bxe5 Rxe5 18. Rfd1 Qe7 19. Na4 d4 20. Bc4 dxe3 21. fxe3 Be6 22. Kh1 Ne4 23. Kg1 Bxc4 24. Qxc4 Qg5 25. Ra3 Rae8 26. Rad3 h5 27. Rf1 Nf6 28. Rf3 Rxe3 29. Qxc5 Rxf3 30. Rxf3 Re1+ 31. Kh2 Qh4 32. Qc8+ Re8 33. Qf5 Ng4+ 34. Kg1 Re1+ 35. Rf1 Rxf1+ 36. Qxf1 Ne3 37. Qe2 Qxa4 38. Qxe3 Qb5 39. Qe7 f6 40. b4 Kh7 41. Qd6 Qe5 42. Qb6 Qd5 43. Qc7 Qd4+ 44. Kh1 Qxb4 45. Qc2+ g6 46. Qc7+ Kh6 47. Qc1+ g5 48. Qc7 Kg6 49. Qd8 Qe1+ 50. Kh2 Qe5+ 51. Kh1 g4 52. Qg8+ Kf5 53. Qh7+ Kf4 54. hxg4 hxg4 55. Qh6+ Qg5 56. Qh2+ g3 57. Qh7 Kg4 58. Qh3+ Kf4 59. Qh7 f5 60. Qc7+ Kg4 61. Qc4+ f4 62. Qe6+ Qf5 63. Qg8+ Qg5 64. Qe6+ Kh5 65. Qf7+ Qg6 66. Qxf4 Qb1+ 67. Qf1 Qxf1# 0-1

[Event "Titled Tuesday intern op 18th Oct Late"]
[Site "Chess.com INT"]
[Date "2022.10.18"]
[Round "5"]
[White "Aggelis, Nikolaos"]
[Black "Jean Louis, Marckens"]
[Result "0-1"]
[WhiteElo "2287"]
[BlackElo "2073"]
[PlyCount "56"]
[EventDate "2022.10.18"]
[EventType "swiss (blitz)"]
[EventRounds "11"]
[EventCountry "USA"]
[SourceTitle "EXT 2024"]
[Source "ChessBase"]
[SourceDate "2023.10.10"]
[SourceVersion "1"]
[SourceVersionDate "2023.10.10"]
[SourceQuality "1"]

1. e4 e6 2. d4 d5 3. Nd2 Nf6 4. Bd3 dxe4 5. Nxe4 Be7 6. Nf3 0-0 7. 0-0 b6 8. Qe2 Bb7 9. c3 Nbd7 10. Bf4 c5 11. Rad1 cxd4 12. Nxd4 Nxe4 13. Bxe4 Bxe4 14. Qxe4 Nc5 15. Qf3 Qc8 16. Nc6 Re8 17. Rd2 Bf8 18. b4 Na4 19. c4 Qb7 20. Rfd1 Rac8 21. b5 Nc5 22. Be3 Rc7 23. Bxc5 Bxc5 24. Rd8 Rxd8 25. Rxd8+ Bf8 26. Rb8 Qxb8 27. Nxb8 Rxc4 28. Nd7 Rc1+ 0-1

[Event "Titled Tuesday intern op 18th Oct Early"]
[Site "Chess.com INT"]
[Date "2022.10.18"]
[Round "7"]
[White "Barria Zuniga, Daniel"]
[Black "Jean Louis, Marckens"]
[Result "0-1"]
[WhiteElo "2341"]
[BlackElo "2073"]
[PlyCount "82"]
[EventDate "2022.10.18"]
[EventType "swiss (blitz)"]
[EventRounds "11"]
[EventCountry "USA"]
[SourceTitle "EXT 2024"]
[Source "ChessBase"]
[SourceDate "2023.10.10"]
[SourceVersion "1"]
[SourceVersionDate "2023.10.10"]
[SourceQuality "1"]

1. d4 e6 2. c4 Nf6 3. Nf3 d5 4. Nc3 Be7 5. Bg5 0-0 6. Qc2 Nc6 7. e3 Nb4 8. Qb1 c5 9. dxc5 dxc4 10. Bxc4 Nfd5 11. Bxe7 Qxe7 12. Bxd5 Nxd5 13. Nxd5 exd5 14. b4 a5 15. a3 Bg4 16. Nd4 Ra6 17. b5 Rg6 18. c6 bxc6 19. bxc6 Re8 20. Qc2 Bc8 21. 0-0 Bh3 22. g3 Bxf1 23. Rxf1 h5 24. Qc3 h4 25. Rc1 hxg3 26. hxg3 a4 27. c7 Rc8 28. Qc5 Qe4 29. Qc2 Qg4 30. Qf5 Qxf5 31. Nxf5 Kf8 32. Kf1 Rb6 33. Rc5 Rb7 34. Rxd5 Rbxc7 35. Ra5 Rc5 36. Rxc5 Rxc5 37. Nd4 Rc3 38. Nb5 Rb3 39. Nd4 Rxa3 40. Ke2 Ra2+ 41. Kf3 a3 0-1

[Event "Titled Tuesday intern op 18th Oct Late"]
[Site "Chess.com INT"]
[Date "2022.10.18"]
[Round "7"]
[White "Jean Louis, Marckens"]
[Black "Adewumi, Tanitoluwa"]
[Result "1-0"]
[WhiteElo "2073"]
[BlackElo "2262"]
[PlyCount "91"]
[EventDate "2022.10.18"]
[EventType "swiss (blitz)"]
[EventRounds "11"]
[EventCountry "USA"]
[SourceTitle "EXT 2024"]
[Source "ChessBase"]
[SourceDate "2023.10.10"]
[SourceVersion "1"]
[SourceVersionDate "2023.10.10"]
[SourceQuality "1"]

1. d4 Nf6 2. Nf3 e6 3. c4 b6 4. Nc3 Bb7 5. g3 Bb4 6. Bg2 0-0 7. 0-0 Bxc3 8. bxc3 d6 9. Bg5 h6 10. Bxf6 Qxf6 11. Nd2 Bxg2 12. Kxg2 c5 13. e3 Nc6 14. Ne4 Qe7 15. d5 Na5 16. Qd3 Rfe8 17. Nd2 Rad8 18. e4 exd5 19. cxd5 f5 20. Rae1 fxe4 21. Rxe4 Qf7 22. Rfe1 Rxe4 23. Qxe4 Kf8 24. Qd3 Re8 25. Rxe8+ Kxe8 26. Ne4 Kd7 27. Qa6 Qxd5 28. Qxa7+ Ke6 29. f3 Qxa2+ 30. Kh3 Qe2 31. Qxb6 Qf1+ 32. Kg4 h5+ 33. Kh4 Nc4 34. Ng5+ Ke5 35. Qc6 d5 36. Qe8+ Kd6 37. Qe6+ Kc7 38. Qxd5 Kb6 39. Ne6 g5+ 40. Qxg5 Qxf3 41. Qxc5+ Kb7 42. Qxc4 Qf6+ 43. Ng5 Qf5 44. Qe4+ Qxe4+ 45. Nxe4 Kc6 46. Kxh5 1-0

[Event "Titled Tuesday intern op 18th Oct Early"]
[Site "Chess.com INT"]
[Date "2022.10.18"]
[Round "9"]
[White "Jean Louis, Marckens"]
[Black "Agasarov, Benik"]
[Result "1-0"]
[WhiteElo "2073"]
[BlackElo "2050"]
[PlyCount "123"]
[EventDate "2022.10.18"]
[EventType "swiss (blitz)"]
[EventRounds "11"]
[EventCountry "USA"]
[SourceTitle "EXT 2024"]
[Source "ChessBase"]
[SourceDate "2023.10.10"]
[SourceVersion "1"]
[SourceVersionDate "2023.10.10"]
[SourceQuality "1"]

1. d4 Nf6 2. Nf3 g6 3. c4 c5 4. d5 b5 5. Nbd2 Bg7 6. e4 d6 7. cxb5 0-0 8. Be2 a6 9. 0-0 axb5 10. Bxb5 Ba6 11. Bxa6 Nxa6 12. Re1 Nb4 13. a3 Nd7 14. Nc4 Nb6 15. Nxb6 Qxb6 16. Bg5 Bxb2 17. Rb1 Bxa3 18. Bxe7 Rfe8 19. Bf6 h6 20. h3 Qa6 21. Qd2 Kh7 22. Nh2 Qd3 23. Qf4 h5 24. Nf3 c4 25. Ng5+ Kg8 26. Rbd1 Qb3 27. Ne6 Kh7 28. Bd4 Ra7 29. Ng5+ Kg8 30. Qf6 Re5 31. Qd8+ Kg7 32. Qxd6 Bb2 33. Qxe5+ f6 34. Qxf6+ Kh6 35. h4 Bxd4 36. Qxd4 Ra8 37. Qf6 c3 38. Ne6 Rg8 39. Qg5+ Kh7 40. d6 c2 41. Qe7+ Kh6 42. Rc1 Qd3 43. d7 Nc6 44. Qg5+ Kh7 45. d8Q Nxd8 46. Nxd8 Rxd8 47. Rxc2 Rd7 48. Rce2 Qc3 49. e5 Rg7 50. e6 Qc8 51. e7 Qe8 52. Re6 Kg8 53. g4 hxg4 54. Qxg4 Kh7 55. Qg5 Kg8 56. R1e4 Kh7 57. Rg4 Rg8 58. h5 gxh5 59. Qxg8+ Qxg8 60. Rxg8 h4 61. e8Q h3 62. Qg6# 1-0

[Event "Titled Tuesday intern op 18th Oct Early"]
[Site "Chess.com INT"]
[Date "2022.10.18"]
[Round "8"]
[White "Jean Louis, Marckens"]
[Black "Galchenko, Matvey"]
[Result "0-1"]
[WhiteElo "2073"]
[BlackElo "2440"]
[PlyCount "54"]
[EventDate "2022.10.18"]
[EventType "swiss (blitz)"]
[EventRounds "11"]
[EventCountry "USA"]
[SourceTitle "EXT 2024"]
[Source "ChessBase"]
[SourceDate "2023.10.10"]
[SourceVersion "1"]
[SourceVersionDate "2023.10.10"]
[SourceQuality "1"]

1. d4 Nf6 2. Nf3 c5 3. g3 cxd4 4. Nxd4 e5 5. Nf3 Nc6 6. Bg2 d5 7. 0-0 h6 8. Re1 Bc5 9. e3 0-0 10. Nbd2 Bg4 11. h3 Bh5 12. Nb3 Bd6 13. g4 Bg6 14. Nh4 Bh7 15. Nf5 Bxf5 16. gxf5 Ne7 17. Qd3 e4 18. Qb5 Bc7 19. Rd1 Qd6 20. Kf1 a6 21. Qa4 Nxf5 22. c4 Nh4 23. Bxe4 Nxe4 24. cxd5 Qg6 25. Ke2 Qg2 26. Nd4 Qxf2+ 27. Kd3 Nc5+ 0-1

[Event "Titled Tuesday intern op 18th Oct Early"]
[Site "Chess.com INT"]
[Date "2022.10.18"]
[Round "5"]
[White "Jean Louis, Marckens"]
[Black "Golubev, Mikhail"]
[Result "1-0"]
[WhiteElo "2073"]
[BlackElo "2461"]
[PlyCount "65"]
[EventDate "2022.10.18"]
[EventType "swiss (blitz)"]
[EventRounds "11"]
[EventCountry "USA"]
[SourceTitle "EXT 2024"]
[Source "ChessBase"]
[SourceDate "2023.10.10"]
[SourceVersion "1"]
[SourceVersionDate "2023.10.10"]
[SourceQuality "1"]

1. d4 Nf6 2. Nf3 d6 3. c4 g6 4. Nc3 Bg7 5. g3 0-0 6. Bg2 Nbd7 7. 0-0 e5 8. dxe5 dxe5 9. Qc2 Re8 10. Ng5 h6 11. Nge4 Nxe4 12. Bxe4 c6 13. Rd1 Qe7 14. Bg2 f5 15. e4 Nc5 16. Be3 Ne6 17. exf5 Nd4 18. Qc1 Nxf5 19. Ne4 Be6 20. Bh3 Nd4 21. Bxe6+ Qxe6 22. Bxd4 exd4 23. f3 Qf5 24. Rd3 Re6 25. Kg2 Rxe4 26. fxe4 Qxe4+ 27. Rf3 Rf8 28. Qf1 Qc2+ 29. Rf2 Qe4+ 30. Rf3 Qc2+ 31. Qf2 Qxc4 32. Rxf8+ Bxf8 33. Rf1 1-0

[Event "Titled Tuesday intern op 18th Oct Early"]
[Site "Chess.com INT"]
[Date "2022.10.18"]
[Round "6"]
[White "Jean Louis, Marckens"]
[Black "Gubajdullin, Alexey"]
[Result "1-0"]
[WhiteElo "2073"]
[BlackElo "2300"]
[PlyCount "59"]
[EventDate "2022.10.18"]
[EventType "swiss (blitz)"]
[EventRounds "11"]
[EventCountry "USA"]
[SourceTitle "EXT 2024"]
[Source "ChessBase"]
[SourceDate "2023.10.10"]
[SourceVersion "1"]
[SourceVersionDate "2023.10.10"]
[SourceQuality "1"]

1. Nf3 Nf6 2. g3 g6 3. Bg2 Bg7 4. 0-0 0-0 5. d4 d6 6. Re1 Nc6 7. d5 Ne5 8. Nxe5 dxe5 9. c4 h5 10. b3 h4 11. Bb2 hxg3 12. hxg3 Ng4 13. Nd2 e6 14. Nf3 e4 15. Bxg7 exf3 16. exf3 Nxf2 17. Qd4 c5 18. Qc3 exd5 19. Bxf8 d4 20. Qd2 Nh3+ 21. Bxh3 Bxh3 22. Bxc5 Qc7 23. Kh2 Qxc5 24. Kxh3 Kg7 25. Kg2 Rh8 26. Re4 Rd8 27. Rd1 d3 28. Qc3+ Kg8 29. Rh4 Rd6 30. Qh8# 1-0

[Event "Titled Tuesday intern op 18th Oct Late"]
[Site "Chess.com INT"]
[Date "2022.10.18"]
[Round "10"]
[White "Jean Louis, Marckens"]
[Black "Rose, Felix"]
[Result "1/2-1/2"]
[WhiteElo "2073"]
[BlackElo "2091"]
[PlyCount "109"]
[EventDate "2022.10.18"]
[EventType "swiss (blitz)"]
[EventRounds "11"]
[EventCountry "USA"]
[SourceTitle "EXT 2024"]
[Source "ChessBase"]
[SourceDate "2023.10.10"]
[SourceVersion "1"]
[SourceVersionDate "2023.10.10"]
[SourceQuality "1"]

1. d4 d5 2. Nf3 Nf6 3. c3 e6 4. Bg5 c5 5. e3 Be7 6. Nbd2 0-0 7. Bd3 Nc6 8. 0-0 Qc7 9. Re1 Re8 10. Rc1 h6 11. Bf4 Bd6 12. Bxd6 Qxd6 13. e4 dxe4 14. Nxe4 Nxe4 15. Bxe4 cxd4 16. Bxc6 Qxc6 17. cxd4 Qb6 18. Ne5 Rd8 19. Qf3 f6 20. Ng6 Qxd4 21. Rcd1 Qb6 22. h4 Bd7 23. b3 e5 24. Qd5+ Be6 25. Qe4 Rxd1 26. Rxd1 Rd8 27. Rxd8+ Qxd8 28. Qxb7 Qd1+ 29. Kh2 Qg4 30. Qb8+ Kf7 31. Nh8+ Ke7 32. Qxa7+ Bd7 33. Qc5+ Kd8 34. Nf7+ Ke8 35. Nd6+ Kd8 36. g3 Qf3 37. Qe3 Qxe3 38. fxe3 Kc7 39. Nc4 Be6 40. Nd2 Kc6 41. Kg2 Kc5 42. a3 f5 43. Kf2 g5 44. hxg5 hxg5 45. Ke2 Bf7 46. Kd3 Bd5 47. Kc3 f4 48. exf4 exf4 49. gxf4 gxf4 50. Kd3 Kb5 51. Kd4 Bxb3 52. Nxb3 Ka4 53. Nd2 Kxa3 54. Ke4 Kb2 55. Kxf4 1/2-1/2

[Event "Titled Tuesday intern op 11th Oct Late"]
[Site "Chess.com INT"]
[Date "2022.10.11"]
[Round "10"]
[White "Jean Louis, Marckens"]
[Black "Yurovskich, Oleksandr"]
[Result "1-0"]
[WhiteElo "2073"]
[BlackElo "2328"]
[PlyCount "71"]
[EventDate "2022.10.11"]
[EventType "swiss (blitz)"]
[EventRounds "11"]
[EventCountry "USA"]
[SourceTitle "EXT 2024"]
[Source "ChessBase"]
[SourceDate "2023.10.10"]
[SourceVersion "1"]
[SourceVersionDate "2023.10.10"]
[SourceQuality "1"]

1. d4 d5 2. c4 e6 3. Nc3 Nf6 4. Nf3 c5 5. dxc5 Bxc5 6. cxd5 Nxd5 7. Nxd5 exd5 8. a3 0-0 9. e3 Nc6 10. b4 Bb6 11. Bb2 Bg4 12. Be2 a6 13. 0-0 Bc7 14. h3 Bh5 15. Nd4 Qd6 16. g3 Bxe2 17. Qxe2 Ne5 18. Rfd1 Nc4 19. Bc3 g6 20. Qg4 h5 21. Qf3 Rad8 22. Ne2 Qe6 23. Rd3 Ne5 24. Bxe5 Bxe5 25. Rad1 Qxh3 26. Rxd5 Rxd5 27. Qxd5 Re8 28. Qxb7 Qg4 29. Qd7 Re6 30. Nf4 Bxf4 31. Qd8+ Kh7 32. Rd4 Qf5 33. Rxf4 Qb1+ 34. Kh2 Kg7 35. Qd4+ Kg8 36. Qd7 1-0

[Event "Titled Tuesday intern op 11th Oct Late"]
[Site "Chess.com INT"]
[Date "2022.10.11"]
[Round "6"]
[White "Migot, Tangi"]
[Black "Jean Louis, Marckens"]
[Result "0-1"]
[WhiteElo "2358"]
[BlackElo "2073"]
[PlyCount "84"]
[EventDate "2022.10.11"]
[EventType "swiss (blitz)"]
[EventRounds "11"]
[EventCountry "USA"]
[SourceTitle "EXT 2024"]
[Source "ChessBase"]
[SourceDate "2023.10.10"]
[SourceVersion "1"]
[SourceVersionDate "2023.10.10"]
[SourceQuality "1"]

1. e4 e6 2. d4 d5 3. Nc3 Nf6 4. e5 Nfd7 5. f4 c5 6. Nce2 Nc6 7. Nf3 cxd4 8. Nexd4 Nxd4 9. Nxd4 Bc5 10. c3 0-0 11. Bd3 Qb6 12. Nb3 Bf2+ 13. Ke2 Bh4 14. Be3 Qc7 15. Qc2 f5 16. g4 Nb6 17. Nd4 Nc4 18. gxf5 Nxe3 19. Kxe3 exf5 20. Rag1 Kh8 21. Bxf5 Bxf5 22. Nxf5 Qf7 23. Nxh4 Qxf4+ 24. Ke2 Qxh4 25. Kd1 Rf2 26. Qb3 d4 27. Qxb7 Rg8 28. Rg2 dxc3 29. Rxf2 Qxf2 30. bxc3 Rd8+ 31. Kc1 Qd2+ 32. Kb1 Qxc3 33. e6 Qd3+ 34. Ka1 Qd4+ 35. Kb1 Qe5 36. e7 Rb8 37. Qxb8+ Qxb8+ 38. Kc2 Qc7+ 39. Kd2 Qxe7 40. Re1 Qf8 41. Kd3 h6 42. Re2 Qa3+ 0-1

[Event "Titled Tuesday intern op 11th Oct Late"]
[Site "Chess.com INT"]
[Date "2022.10.11"]
[Round "11"]
[White "Mirzoev, Azer"]
[Black "Jean Louis, Marckens"]
[Result "1-0"]
[WhiteElo "2462"]
[BlackElo "2073"]
[PlyCount "63"]
[EventDate "2022.10.11"]
[EventType "swiss (blitz)"]
[EventRounds "11"]
[EventCountry "USA"]
[SourceTitle "EXT 2024"]
[Source "ChessBase"]
[SourceDate "2023.10.10"]
[SourceVersion "1"]
[SourceVersionDate "2023.10.10"]
[SourceQuality "1"]

1. c4 e6 2. Nc3 Nf6 3. d4 d5 4. Nf3 Be7 5. Bf4 0-0 6. e3 c5 7. dxc5 Bxc5 8. Qc2 dxc4 9. Bxc4 Nc6 10. 0-0 a6 11. Rfd1 Qe7 12. Bg5 h6 13. Bh4 Nb4 14. Qe2 b5 15. Bb3 Bb7 16. e4 e5 17. a3 Nc6 18. Nd5 Nxd5 19. exd5 Nd4 20. Rxd4 g5 21. Rg4 Qd7 22. Nxe5 Qd8 23. Bg3 f5 24. Qc2 Rc8 25. Nc6 Bxc6 26. dxc6+ Kh7 27. Qxc5 fxg4 28. Rd1 Qf6 29. Qc2+ Qf5 30. Qxf5+ Rxf5 31. Bc2 Rcf8 32. c7 1-0

[Event "Titled Tuesday intern op 11th Oct Early"]
[Site "Chess.com INT"]
[Date "2022.10.11"]
[Round "2"]
[White "Salman, Pavel"]
[Black "Jean Louis, Marckens"]
[Result "0-1"]
[WhiteElo "2287"]
[BlackElo "2073"]
[PlyCount "166"]
[EventDate "2022.10.11"]
[EventType "swiss (blitz)"]
[EventRounds "11"]
[EventCountry "USA"]
[SourceTitle "EXT 2024"]
[Source "ChessBase"]
[SourceDate "2023.10.10"]
[SourceVersion "1"]
[SourceVersionDate "2023.10.10"]
[SourceQuality "1"]

1. Nf3 d5 2. g3 Nf6 3. Bg2 e6 4. 0-0 Be7 5. d3 c5 6. Nbd2 0-0 7. Re1 Nc6 8. e4 b6 9. e5 Nd7 10. Nf1 Bb7 11. Bf4 Rc8 12. h4 b5 13. h5 c4 14. h6 g6 15. d4 c3 16. b3 a5 17. Ne3 a4 18. Ng4 Re8 19. Qc1 Qa5 20. Bg5 Bf8 21. Qf4 Ne7 22. Bxe7 Bxe7 23. Ng5 Rf8 24. Rad1 Qd8 25. Nh3 axb3 26. axb3 Ra8 27. Rd3 b4 28. Rf3 Ra2 29. Re2 Ba6 30. Qe3 Bxe2 31. Qxe2 Qc8 32. Bf1 Qc6 33. Nf4 Qb6 34. Qd3 Rfa8 35. Kg2 Ra1 36. Qe3 Rxf1 37. Kxf1 Ra1+ 38. Kg2 Qa6 39. Nd3 Qa2 40. Ne1 Qb1 41. Kf1 Qd1 42. Qe2 Qxe2+ 43. Kxe2 Bg5 44. Nd3 Bd2 45. Nxb4 Re1+ 46. Kd3 Nb8 47. Nf6+ Kf8 48. Nxh7+ Ke7 49. Ng5 Bxg5 50. h7 Rh1 51. Kxc3 Rxh7 52. Kb2 Rh2 53. c4 dxc4 54. bxc4 Bd2 55. Nd3 Nc6 56. Kc2 Nxd4+ 57. Kxd2 Nxf3+ 58. Ke3 Ng5 59. f4 Rh1 60. fxg5 Ra1 61. c5 Kd7 62. Kd4 Kc6 63. Kc4 Rg1 64. Nb4+ Kc7 65. Kb5 Rxg3 66. Na6+ Kc8 67. Kc6 Rxg5 68. Kd6 Rg1 69. c6 Rd1+ 70. Ke7 g5 71. Nc5 g4 72. Ne4 Re1 73. Ng3 Re3 74. Nh5 g3 75. Nf4 Rf3 76. Ng2 Kc7 77. Nh4 Rf1 78. Kf8 Kxc6 79. Kg7 Kd5 80. Kh6 Rh1 81. Kg5 Rxh4 82. Kxh4 g2 83. Kh3 g1Q 0-1